Government and politics in Africa south of the sahara/ (Record no. 24284)
[ view plain ]
| 000 -LEADER | |
|---|---|
| fixed length control field | 00570nam a2200145Ia 4500 |
| 008 - FIXED-LENGTH DATA ELEMENTS--GENERAL INFORMATION | |
| fixed length control field | 081213s9999 xx 000 0 und d |
| 050 ## - LIBRARY OF CONGRESS CALL NUMBER | |
| Classification number | JQ1872 |
| Item number | .A33 1962 |
| 100 ## - MAIN ENTRY--PERSONAL NAME | |
| Personal name | Adam, Thomas R. |
| 245 ## - TITLE STATEMENT | |
| Title | Government and politics in Africa south of the sahara/ |
| Statement of responsibility, etc | Thomas R. Adam |
| 260 ## - PUBLICATION, DISTRIBUTION, ETC. (IMPRINT) | |
| Date of publication, distribution, etc | 1959 |
| Place of publication, distribution, etc | New york |
| Name of publisher, distributor, etc | Random hnouse |
| 300 ## - PHYSICAL DESCRIPTION | |
| Extent | xiv,145 p.; |
| Dimensions | 21cm. |
| 650 ## - SUBJECT ADDED ENTRY--TOPICAL TERM | |
| Source of heading or term | Africa, Sub-sahara |
| Topical term or geographic name as entry element | Politics and government |
| 942 ## - ADDED ENTRY ELEMENTS (KOHA) | |
| Item type | Book |
| Source of classification or shelving scheme | Library of Congress Classification |
| Withdrawn status | Lost status | Source of classification or shelving scheme | Damaged status | Not for loan | Collection code | Home library | Current library | Shelving location | Date acquired | Total Checkouts | Full call number | Barcode | Price effective from | Koha item type |
|---|---|---|---|---|---|---|---|---|---|---|---|---|---|---|
| Library of Congress Classification | Non-fiction | Bishop Okullu Memorial Library (Limuru Campus) | Bishop Okullu Memorial Library (Limuru Campus) | General Circulation | 15/12/2008 | JQ1872.A33 1962 | 021454 | 15/12/2008 | Book |